¿Es la historieta comunicación y cultura de masas? /
En este trabajo la autora partiendo de las características detalladas y las aparentes (o reales) contradicciones que existen en torno a la historieta, se plantea la pregunta: esta condenada la historieta a ser un medio de comunicación de masas, con todas las implicaciones de comunicación piramidal?...
Uloženo v:
| Hlavní autor: | |
|---|---|
| Médium: | Text |
| Jazyk: | Spanish |
| Témata: | |
| Tagy: |
Přidat tag
Žádné tagy, Buďte první, kdo vytvoří štítek k tomuto záznamu!
|
MARC
| LEADER | 00000 a a2200000 04500 | ||
|---|---|---|---|
| 001 | 14681 | ||
| 003 | cru IIS | ||
| 005 | 20210910140942.0 | ||
| 008 | 210729b |||||||| |||| 00| 0 spa d | ||
| 022 | |a 0482-5276 | ||
| 040 | |a CRAI-IIS |b SPA |c CRAI-IIS | ||
| 090 | |a REV0862 (27-28) 1984 | ||
| 100 | |a Pérez Yglesias, María | ||
| 245 | |a ¿Es la historieta comunicación y cultura de masas? / |c María Pérez Yglesias | ||
| 300 | |a pp. 107-115 | ||
| 500 | |a Colección Centroamérica | ||
| 520 | |a En este trabajo la autora partiendo de las características detalladas y las aparentes (o reales) contradicciones que existen en torno a la historieta, se plantea la pregunta: esta condenada la historieta a ser un medio de comunicación de masas, con todas las implicaciones de comunicación piramidal? o más bien, una práctica social, tendrá por misión jugar un papel relevante, como un medio de cultura de masas. Los temas analizados son: Historieta: comunicación y cultura |a historieta, una contradicción desde su origen (escasez de estudios científicos hasta 1960, la negociación al adulto, una difusión y aceptación millonaria, un no- arte, el olvido de su poder educativo, el mantenimiento de los simbólico, en la historieta a los otros "media", la historieta una práctica social, prohibición y censura). También se analiza la historieta como instrumento y como mensaje, como cambio y pro último la crítica. HMBQ/HMBQ | ||
| 650 | |a PUB.IIS | ||
| 650 | |a MEDIOS DE COMUNICACION DE MASAS | ||
| 650 | |a IDEOLOGIAS | ||
| 650 | |a CAMBIO SOCIAL | ||
| 773 | 0 | |0 18728 |9 4446 |a Universidad de Costa Rica. |d San José, Costa Rica Editorial UCR 1959- |o 16800 |t Revista de Ciencias Sociales/ |x 04825276 |g número 27 -28; páginas 107-115 | |
| 942 | |2 ddc |c PP |h REV0862 (27-28) 1984 |6 REV0862_2728_1984 | ||
| 999 | |c 21166 |d 21166 | ||
